UK Stations served by Open Access Routes Quiz Stats

 Plays Quiz not verified by Sporcle

Challenge
Share
Tweet
Embed
Score 0/20 Timer 05:00
0 Plays Today
% Correct
Hull
93.5%
York
91.3%
Sunderland
89.1%
Doncaster
87%
London Kings Cross
85.9%
Bradford Interchange
81.5%
Selby
79.3%
Northallerton
78.3%
Hartlepool
76.1%
Brough
73.9%
% Correct
Grantham
73.9%
Stevenage
73.9%
Thirsk
73.9%
Wakefield Kirkgate
71.7%
Halifax
70.7%
Retford
70.7%
Eaglescliffe
68.5%
Pontefract Monkhill
62%
Howden
60.9%
Brighouse
56.5%

You're not logged in!

Compare scores with friends on all Sporcle quizzes.
OR
Log In

You Might Also Like...

Show Comments

Extras

Created Feb 28, 2011ReportNominate
Tags:access, open, route, served, station

Top Quizzes Today


Score Distribution

Your Account Isn't Verified!

In order to create a playlist on Sporcle, you need to verify the email address you used during registration. Go to your Sporcle Settings to finish the process.

Report this User

Report this user for behavior that violates our Community Guidelines.

Details: